000 00283nam a2200121Ia 4500
005 20251222141936.0
008 251222s9999||||xx |||||||||||||| ||spa||
082 _a341.46/M26
100 _aMarchena Errol, Victor
245 0 _aDerecho Aeronáutico:
264 _bEDDILI
942 _cLIB
999 _c9206
_d9206